Trendy v zavádzaní ERM
Súčasné trendy v oblasti zavádzania programov pre podporu riadenia podnikových rizík. Výstupy prieskumov globálnych lídrov, ktorí sa zameriavajú na podnikové poradenstvo v oblasti manažmentu rizík.
Salvato in:
| Autore principale: | |
|---|---|
| Natura: | Capitolo di libro |
| Lingua: | slovacco |
| Soggetti: | |
| Tags: |
Nessun Tag, puoi essere il primo ad aggiungerne!!
|
MARC
| LEADER | 00000nla$a2200000$$$4500 | ||
|---|---|---|---|
| 001 | 0126492 | ||
| 005 | 20240502083319.9 | ||
| 041 | 0 | |a slo | |
| 044 | |a CZ | ||
| 245 | 1 | 0 | |a Trendy v zavádzaní ERM |c Branislav Rajčáni |
| 520 | |a Súčasné trendy v oblasti zavádzania programov pre podporu riadenia podnikových rizík. Výstupy prieskumov globálnych lídrov, ktorí sa zameriavajú na podnikové poradenstvo v oblasti manažmentu rizík. | ||
| 610 | 2 | 0 | |a manažment |
| 610 | 2 | 0 | |a rozhodovanie manažérske |
| 610 | 2 | 0 | |a risk management |
| 610 | 2 | 0 | |a stratégia podniková |
| 610 | 2 | 0 | |a riadenie rizík |
| 610 | 2 | 0 | |a riadenie podnikové |
| 610 | 2 | 0 | |a riadenie strategické |
| 610 | 2 | 0 | |a metódy riadenia |
| 610 | 2 | 0 | |a vedenie podniku |
| 100 | 1 | |a Rajčáni, Branislav | |